| 000 | 00000nam##2200000za#4500 |
| 001 | 9.568280 |
| 003 | CaOODSP |
| 005 | 20240215150447 |
| 007 | cr ||||||||||| |
| 008 | 150406|1999||||xxc|||||o f|0| 0 eng|d |
| 040 | |aCaOODSP|beng |
| 043 | |an-cn--- |
| 086 | 1 |aPS83-3/84E-PDF |
| 110 | 2 |aCorrectional Service Canada. |
| 245 | 10|aReview of issues associated with serious spouse abuse among federally sentenced male offenders / |h[electronic resource]|cby Sara L. Johnson and Brian A. Grant. |
| 260 | |bCorrectional Service Canada |cJuly 1999. |
| 300 | |a56p.|bfig., references |
| 490 | 1 |aResearch report|v[R-84] |
| 590 | |a10-12-Supp|b2010-11-18 |
| 720 | 1 |aGrant, Brian A. |
| 720 | 1 |aJohnson, Sara L. |
| 775 | 08|tExamen des questions liées aux actes de violence conjugale grave commis par les délinquants sous responsabilité fédérale / |w(CaOODSP)9.599570 |
| 830 | #0|aResearch report (Correctional Service Canada. Research Branch)|v[R-84]|w(CaOODSP)9.506063 |
| 856 | 40|ahttp://publications.gc.ca|qPDF|s109 KB|uhttps://publications.gc.ca/collections/collection_2010/scc-csc/PS83-3-84-eng.pdf|y[R-84] |